[Event "Capablanca Mem Premier I"]
[Site "Havana CUB"]
[Date "2002.05.15"]
[Round "9"]
[White "Perez,Rod"]
[Black "Alvarez,Jose"]
[Result "1/2-1/2"]
[WhiteElo "2425"]
[BlackElo "2403"]

1.e4 d6 2.d4 Nf6 3.Nc3 e5 4.Nf3 Nbd7 5.Bc4 Be7 6.O-O O-O 7.Re1 c6 8.a4 b6
9.b3 a6 10.Bb2 Rb8 11.Qd2 b5 12.Bd3 Re8 13.axb5 axb5 14.Ne2 Bf8 15.Ng3 c5
16.d5 c4 17.Bf1 cxb3 18.cxb3 b4 19.Rec1 h5 20.Rc4  1/2-1/2

[Event "Open"]
[Site "Pula CRO"]
[Date "2002.05.16"]
[Round "6"]
[White "Mikac,M"]
[Black "Denoth,M"]
[Result "1-0"]
[WhiteElo "2414"]
[BlackElo "2240"]

1.d4 d6 2.e4 Nf6 3.Nc3 e5 4.Nf3 Nbd7 5.Bc4 Be7 6.O-O O-O 7.a4 c6 8.a5 Qc7
9.Qe2 Rb8 10.d5 b5 11.axb6 axb6 12.dxc6 Qxc6 13.Bg5 Bb7 14.Nd5 Bd8 15.Rfd1 Nxd5
16.Bxd5 Qc7 17.Bxd8 Rfxd8 18.Ra7 Nf6 19.Rxb7 Rxb7 20.Bxb7 Qxb7 21.Nxe5 Re8
22.Nc4 Rxe4 23.Qf1 Qc7 24.Nxd6 Re5 25.Nc4 Rc5 26.Ne3 h5 27.Qd3 Qe5 28.Qd4 Qxd4
29.Rxd4 b5 30.Kf1 Kf8 31.Ke2 Ke7 32.h4 g6 33.c3 Ke6 34.Kd3 Nd7 35.b4 Ne5+
36.Kc2 Rc7 37.Kb3 f5 38.f4 Nc6 39.Rd5 Rb7 40.Rc5 Kd6 41.Kc2 Nd8 42.Rd5+ Ke7
43.g3 Nf7 44.Nf1 Nd6 45.Nd2 Ke6 46.Re5+ Kf6 47.Rd5 Ke6 48.Rc5 Kd7 49.Nf3 Ne4
50.Ne5+ Kd8 51.Rc6 Nxg3 52.Rxg6 Ne2 53.Rg8+ Kc7 54.Rg5  1-0

[Event "9th RUS-chT"]
[Site "Ekaterinburg RUS"]
[Date "2002.05.17"]
[Round "1"]
[White "Djachkov,S"]
[Black "Bachin,V"]
[Result "1-0"]
[WhiteElo "2400"]
[BlackElo "2459"]

1.d4 d6 2.e4 Nf6 3.Nc3 c6 4.f4 Qa5 5.e5 Ne4 6.Bd3 Nxc3 7.Qd2 g6 8.bxc3 Bf5
9.Nf3 e6 10.c4 Qxd2+ 11.Bxd2 d5 12.Bxf5 gxf5 13.Rb1 b6 14.cxd5 cxd5 15.a4 Be7
16.Ke2 Nd7 17.a5 O-O 18.h3 Rfc8 19.Kd3 Rc4 20.g4 fxg4 21.hxg4 Rac8 22.Rb2 Bd8
23.axb6 Bxb6 24.c3 Bd8 25.f5 a5 26.f6 Nf8 27.Ng5 a4 28.Rb7 R4c7 29.Rb4 Ra7
30.Ra1 Rca8 31.Bc1 Nd7 32.Rb2 Bc7 33.Nf3 Rb8 34.Rba2 Nb6 35.Nd2 Rc8 36.Ba3 Nd7
37.Nf3 Ba5 38.Bb4 Bxb4 39.cxb4 Rac7 40.Rxa4 Nb6 41.R4a3 Rc2 42.Nd2 h6 43.Rb3 R2c7
44.g5 hxg5 45.Rg1 Kf8 46.Rxg5 Rc1 47.Rh5 Kg8 48.Ke2 R8c3 49.Rg5+ Kf8 50.Rxc3 Rxc3
51.Rg7 Rc2 52.Kd3 Rb2 53.Nf3 Rb3+ 54.Ke2 Rb2+ 55.Ke3 Rb3+ 56.Kf4 Rxb4 57.Ng5 Rxd4+
58.Ke3 Re4+ 59.Nxe4 dxe4 60.Kxe4 Nd5 61.Rg3 Nb6 62.Rb3 Nd7 63.Rc3 Kg8 64.Rc8+ Kh7
65.Rc7  1-0

[Event "4th Borowski GMB"]
[Site "Essen GER"]
[Date "2002.05.17"]
[Round "2"]
[White "Van der Wiel,J"]
[Black "Fridman,R"]
[Result "1/2-1/2"]
[WhiteElo "2509"]
[BlackElo "2378"]

1.e4 d6 2.d4 Nf6 3.Nc3 e5 4.dxe5 dxe5 5.Qxd8+ Kxd8 6.Bc4 Be6 7.Bxe6 fxe6
8.Be3 Bd6 9.O-O-O Ke7 10.f3 a6 11.Nh3 Nc6 12.Nf2 h6 13.Nd3 Nd7 14.h4 Nb4
15.h5 Nxd3+ 16.Rxd3 Nf6 17.Nd1 Rac8 18.Bf2 Rhf8 19.Bg3 c5 20.c4 Bc7 21.b3 Rcd8
22.Nb2 b6 23.Rxd8 Rxd8 24.Kc2 Rg8 25.Rh2 g5 26.hxg6 Rxg6 27.Bh4 h5 28.Nd1 Kf7
29.Ne3 Nd7 30.g4 hxg4 31.Nxg4 Nb8 32.Bg3 Nc6 33.Kd2 Bd6 34.Ke3 Rg7 35.Rh8 Kg6
36.Rc8 Rc7 37.Re8 Kf7 38.Rh8 b5 39.Ra8 bxc4 40.bxc4 a5 41.Ra6 Rc8 42.Be1 Ke7
43.Bxa5 Kd7 44.Nf6+ Ke7 45.Ng4 Kd7 46.Be1 Rf8 47.Bh4 Kc7 48.Ra3 Rb8 49.Be1 Rb1
50.Ba5+ Kb7 51.Bc3 Nd4 52.Kf2 Rc1  1/2-1/2

[Event "Open"]
[Site "Pula CRO"]
[Date "2002.05.17"]
[Round "7"]
[White "Podlesnik,B"]
[Black "Topalovic,Z"]
[Result "1/2-1/2"]
[WhiteElo "2385"]
[BlackElo "2211"]

1.e4 d6 2.d4 Nf6 3.Nc3 e5 4.Nf3 Nbd7 5.Bc4 Be7 6.O-O O-O 7.a4 a5 8.Re1 c6
9.Ba2 exd4 10.Nxd4 Nc5 11.h3 Qb6 12.Qf3 Be6 13.Bf4 Qb4 14.Red1 Rad8 15.Qe3 Ne8
16.Bg5 Bf6 17.Nxe6 Nxe6 18.Bxe6 fxe6 19.e5 Bxg5 20.Qxg5 Qb6 21.Ne4 Rf5 22.Qe7 Rxe5
23.Nxd6 Nxd6 24.Rxd6 Rf8 25.Rf1 Re2 26.Rd7 Qxb2 27.Rxb7 Qe5 28.Rd7 Rxc2 29.Rd8 Rxd8
30.Qxd8+ Kf7 31.Rd1 Kg6 32.Qd3+ Qf5 33.Qg3+ Qg5 34.Qd3+ Qf5 35.Qg3+ Qg5  1/2-1/2

[Event "9th RUS-chT"]
[Site "Ekaterinburg RUS"]
[Date "2002.05.18"]
[Round "2"]
[White "Lastin,A"]
[Black "Bachin,V"]
[Result "1-0"]
[WhiteElo "2619"]
[BlackElo "2459"]

1.d4 d6 2.e4 Nf6 3.Nc3 c6 4.Nf3 Bg4 5.h3 Bh5 6.Qe2 e6 7.g4 Bg6 8.h4 h5 9.g5 Nfd7
10.Bh3 Be7 11.O-O Qb6 12.b3 O-O 13.Bb2 Re8 14.Rfe1 Nf8 15.Na4 Qc7 16.c4 Nbd7
17.Nc3 e5 18.d5 a6 19.Rad1 Reb8 20.Rd2 c5 21.a4 f6 22.Qe3 Nh7 23.Bf5 Ndf8
24.gxf6 Bxf6 25.Kh2 Be8 26.Rg1 g6 27.Ne2 Kh8 28.Bh3 b5 29.Ng5 bxa4 30.bxa4 Bxa4
31.Ne6 Qf7 32.Qh6 Be8 33.Ba1 Rb3 34.N2f4 Ra7 35.Nxh5 Rxh3+ 36.Kxh3 gxh5 37.f4 Nxe6
38.dxe6 Qxe6+ 39.f5 Qxc4 40.Rdg2 Rb7 41.Kh2 Qf7 42.Qd2 Rb6 43.Bc3 Bxh4 44.Rg6 Bf6
45.Qg2 Ng5 46.Rxg5 Bxg5 47.Qxg5 Kh7 48.Rg2 Bd7 49.Qd8 Rb3 50.Bd2 d5 51.Rg6 Rh3+
52.Kg1 Be8 53.Qg5  1-0

[Event "Guillermo Garcia TORRE"]
[Site "Santa Clara CUB"]
[Date "2002.05.19"]
[Round "1"]
[White "Gonzalez,Y"]
[Black "Garza Marco,S"]
[Result "1/2-1/2"]
[WhiteElo "2444"]
[BlackElo "2417"]

1.e4 d6 2.d4 Nf6 3.Nc3 Nbd7 4.Nf3 e5 5.Bc4 Be7 6.O-O O-O 7.Re1 c6 8.a4 a5
9.Ba2 exd4 10.Nxd4 Nc5 11.Qf3 Be6 12.Nf5 Bxf5 13.Qxf5 Na6 14.Be3 Nb4 15.Bb3 Qc7
16.Bf4 g6 17.Qh3 Nd7 18.Re3 Bf6 19.Rd1 Ne5 20.Bh6 Rfd8 21.f4 Nd7 22.e5 dxe5
23.Ne4 Be7 24.Bg5 Nf6 25.Rxd8+ Qxd8 26.Bxf6 Bxf6 27.Nxf6+ Qxf6 28.fxe5 Qe7
29.e6 Nd5 30.exf7+ Qxf7 31.Re1 Rf8 32.Qe6 Kg7 33.Qxf7+ Rxf7 34.Bxd5 cxd5
35.Rd1 Rd7 36.Kf2 Kf6 37.Ke3 Ke5 38.Kd3 Rf7 39.Ke3 Rc7 40.c3 Rc4 41.Rd4 Rxd4
42.cxd4+ Kf5 43.Kf3 g5  1/2-1/2

[Event "Elekes Mem IM"]
[Site "Budapest HUN"]
[Date "2002.05.20"]
[Round "3"]
[White "Medvegy,N"]
[Black "Dudas,Jano"]
[Result "1-0"]
[WhiteElo "2338"]
[BlackElo "2402"]

1.e4 d6 2.d4 Nf6 3.Nc3 e5 4.Nge2 c6 5.a4 g6 6.g3 Bg7 7.Bg2 O-O 8.O-O Be6
9.h3 d5 10.Bg5 dxe4 11.Nxe4 exd4 12.Nxd4 Bc4 13.Re1 Nbd7 14.Nc3 h6 15.Be3 Nb6
16.Qd2 Kh7 17.b3 Bd5 18.f3 c5 19.Nde2 Qc7 20.a5 Qc6 21.axb6 Bxf3 22.Bxf3 Qxf3
23.Bxc5 Rfe8 24.Bf2 Rad8 25.Qf4 Qh5 26.Qh4 Qf3 27.bxa7 g5 28.Qc4 Ne4 29.Nxe4 Bxa1
30.Rxa1 Rxe4 31.Nd4 Rexd4 32.Qxd4 Rxd4 33.a8=Q Rd2 34.Qa7 Rxc2 35.b4 Qf5
36.Qd4 h5 37.Rd1 Kh6 38.g4 hxg4 39.hxg4 Qf3 40.Qh8+ Kg6 41.Rd6+  1-0

[Event "Guillermo Garcia TORRE"]
[Site "Santa Clara CUB"]
[Date "2002.05.20"]
[Round "2"]
[White "Abreu,A"]
[Black "Perez,Rod"]
[Result "1/2-1/2"]
[WhiteElo "2480"]
[BlackElo "2425"]

1.e4 d6 2.d4 Nf6 3.Nc3 c6 4.Nf3 Bg4 5.Be2 e6 6.Be3 Be7 7.h3 Bxf3 8.Bxf3 d5
9.O-O O-O 10.g3 Qb6 11.Rb1 dxe4 12.Nxe4  1/2-1/2

[Event "IHEM"]
[Site "Hamburg GER"]
[Date "2002.05.21"]
[Round "4"]
[White "Schueler,H"]
[Black "Breyther,R"]
[Result "0-1"]
[WhiteElo "2197"]
[BlackElo "2372"]

1.e4 d6 2.d4 Nf6 3.Nc3 c6 4.f4 Qa5 5.Bd3 e5 6.Nf3 Bg4 7.Be3 Nbd7 8.O-O Be7
9.h3 exf4 10.Bxf4 Bh5 11.Ne2 O-O 12.Ng3 Bg6 13.Nh4 Rfe8 14.Nhf5 d5 15.e5 Ne4
16.Nxe4 Bxf5 17.Nf6+ Nxf6 18.Bxf5 Ne4 19.e6 fxe6 20.Bxe6+ Kh8 21.c3 Bd6 22.Bxd6 Nxd6
23.Bf5 Qb5 24.Bd3 Qxb2 25.Qh5 Ne4 26.Rac1 Qd2 27.Rcd1 Qe3+ 28.Kh2 Qg3+ 29.Kg1 Rf8
30.Bxe4 dxe4 31.d5 cxd5 32.Qxd5 e3 33.Rxf8+ Rxf8 34.Qf7 Qb8 35.Qe6 Re8 36.Qg4 e2
37.Re1 Qe5 38.Kh1 h6 39.Qg6 Qe3 40.Qf7 Qe4 41.c4 Re6 42.Qf3 Qxc4 43.Qxb7 Qxa2
44.Qc8+ Kh7 45.Qc3 Re8 46.Qd3+ Kg8 47.Qb5 Qe6 48.Qh5 Qe5 49.Qh4 a5 50.Qc4+ Kh8
51.Qa6 Qh5 52.Qc4 Re5 53.Qc8+ Qe8 54.Qa6 a4 55.Qa7 Qb5 56.Qa8+ Re8 57.Qf3 Qe5
58.Qa3 Qf4 59.Qd3 Qf2 60.Qd2 a3 61.Kh2 Qxe1 62.Qxe1 a2  0-1

[Event "Open A"]
[Site "Ostrava CZE"]
[Date "2002.05.22"]
[Round "6"]
[White "Smetana,J"]
[Black "Dziadykiewicz,T"]
[Result "1-0"]
[WhiteElo "2112"]
[BlackElo "2066"]

1.e4 d6 2.d4 Nf6 3.Nc3 c6 4.f4 Qa5 5.Bd3 e5 6.dxe5 dxe5 7.fxe5 Ng4 8.Nf3 Bb4
9.Bd2 Qc5 10.Qe2 Nxe5 11.a3 Bxc3 12.Bxc3 Bg4 13.h3 Nxf3+ 14.gxf3 Bh5 15.Qf2 Qxf2+
16.Kxf2 O-O 17.Rhg1 f6 18.Rad1 Kh8 19.Be2 Re8 20.Rd6 Rf8 21.Bc4 b5 22.Rxf6  1-0

[Event "ch-LTU"]
[Site "Vilnius LTU"]
[Date "2002.05.22"]
[Round "8"]
[White "Zapolskis,A"]
[Black "Zagorskis,D"]
[Result "0-1"]
[WhiteElo "2397"]
[BlackElo "2469"]

1.e4 d6 2.d4 Nf6 3.Nc3 e5 4.Nf3 Nbd7 5.Bc4 Be7 6.O-O O-O 7.Re1 c6 8.a4 b6
9.dxe5 dxe5 10.Qe2 Bb4 11.Ba6 Bxc3 12.bxc3 Bxa6 13.Qxa6 Qc7 14.Qc4 a6 15.Nh4 b5
16.Qe2 Rfe8 17.Nf5 Re6 18.Qf3 Nb6 19.a5 Nc4 20.Rd1 Nd6 21.Ng3 Rd8 22.Be3 Nc4
23.Nf5 g6 24.Nh6+ Kg7 25.Bg5 Rxd1+ 26.Rxd1 Rd6 27.Bxf6+ Rxf6 28.Qh3 Rd6 29.Re1 Qd7
30.Ng4 h5 31.Ne3 Qxh3 32.gxh3 Nxe3 33.Rxe3 Rd2 34.Rd3 Rxc2 35.Rd7 Rxc3 36.Ra7 Ra3
37.Rxa6 c5 38.Rc6 c4 39.a6 c3 40.Kf1 b4 41.Ke2 b3 42.Rxc3 b2 43.Rxa3 b1=Q
44.Kf3 Qb4 45.Re3 Qa4 46.h4 Qxa6 47.Kg2 Qf6  0-1

[Event "4th Borowski C"]
[Site "Essen GER"]
[Date "2002.05.23"]
[Round "7"]
[White "Baramidze,D"]
[Black "Curic,D"]
[Result "1-0"]
[WhiteElo "2321"]
[BlackElo "2218"]

1.e4 d6 2.d4 Nf6 3.Nc3 c6 4.f4 Qa5 5.Bd3 e5 6.Nf3 Bg4 7.Be3 Nbd7 8.O-O Be7
9.h3 Bh5 10.Qe1 Bxf3 11.Rxf3 O-O 12.a3 c5 13.dxe5 dxe5 14.f5 Rac8 15.Qe2 Nb6
16.Bc4 Rfd8 17.Rff1 Kf8 18.g4 h6 19.Kh2 a6 20.Ba2 c4 21.Rfd1 Rd4 22.Rxd4 exd4
23.Bxd4 Nfd7 24.Rd1 Ne5 25.Nd5 Nbd7 26.Bc3 Qb5 27.Nxe7 Kxe7 28.Rd5 Qb6 29.Bxe5 Nxe5
30.Rxe5+ Kf6 31.Rd5  1-0

[Event "Guillermo Garcia TORRE"]
[Site "Santa Clara CUB"]
[Date "2002.05.23"]
[Round "5"]
[White "Gonzalez,Y"]
[Black "Vassallo,M"]
[Result "1/2-1/2"]
[WhiteElo "2444"]
[BlackElo "2438"]

1.e4 d6 2.d4 Nf6 3.Nc3 e5 4.Nf3 Nbd7 5.Bc4 Be7 6.O-O O-O 7.a4 c6 8.Ba2 b6
9.Qe2 a6 10.Rd1 Qc7 11.Nh4 exd4 12.Rxd4 Re8 13.Nf5 Bf8 14.Bg5 h6 15.Bh4 g6
16.Ne3 Nh5 17.Rad1 Ne5 18.h3 Bxh3 19.Nf5 Bg4 20.f3 Nxf3+ 21.gxf3 Bxf5 22.Qh2 Be6
23.Bb1 Rac8 24.Kh1 d5 25.Qxc7 Rxc7 26.exd5 cxd5 27.Nxd5 Bxd5 28.Rxd5 Rc4
29.Bf2 Bc5 30.Bxc5 bxc5 31.Rd8 Rxd8 32.Rxd8+ Kg7 33.b3 Rc3 34.Kg2 Nf4+ 35.Kf2 Ne6
36.Ra8 Nd4 37.Rxa6 h5 38.Ra8 Rxf3+ 39.Kg2 Re3 40.a5 h4 41.a6 Re6 42.c3 Ne2
43.a7 Ra6 44.Re8 Nxc3 45.a8=Q Rxa8 46.Rxa8 Nxb1 47.Rc8 Nd2 48.Kh3 Nxb3 49.Kxh4  1/2-1/2

[Event "Bosnia GM"]
[Site "Sarajevo BIH"]
[Date "2002.05.25"]
[Round "4"]
[White "Movsesian,S"]
[Black "Dizdarevic,E"]
[Result "1/2-1/2"]
[WhiteElo "2624"]
[BlackElo "2526"]

1.e4 d6 2.d4 Nf6 3.Nc3 e5 4.Nf3 Nbd7 5.Bc4 Be7 6.O-O O-O 7.Re1 Nb6 8.Bd3 Bg4
9.Be3 exd4 10.Bxd4 c5 11.Be3 d5 12.exd5 Nfxd5 13.Nxd5 Nxd5 14.h3 Be6 15.c3 Nxe3
16.Rxe3 Bf6 17.Qc2 g6 18.Rae1 Qc7 19.h4 c4 20.Be4 Bg4 21.Bd5 Kg7 22.Qe4 Bxf3
23.Qxf3 Bxh4 24.Re4 Bg5 25.Rxc4 Qd7 26.Rb4 Rab8 27.Bxb7 a5 28.Rb3 Rfd8 29.c4 Qd2
30.Rf1 a4 31.Rb5 Bf6 32.c5 Rd3 33.Qe4 Rd4 34.Qe3 Qxe3 35.fxe3 Rc4 36.c6 Rd8
37.Kf2 Rd2+ 38.Kf3 Rcc2 39.g4 Bd8 40.Rb4 Bc7 41.Rxa4 Rxb2 42.Rd4 Rxa2 43.Rxd2 Rxd2
44.Bc8 Rc2 45.Bd7 Kf6 46.Ra1 Ke7 47.Ra7 Kd6 48.e4 Rc5 49.Kf4 h6 50.Kf3 h5
51.gxh5 Rxh5 52.Ra1 Rc5 53.Rd1+ Ke7 54.Rh1 Be5 55.Rb1 Rc3+ 56.Ke2 Rc4 57.Kd3 Rc3+
58.Kd2 Rc4 59.Rb7 Kd8 60.Kd3  1/2-1/2

[Event "V It"]
[Site "Santo Antonio POR"]
[Date "2002.05.27"]
[Round "8"]
[White "Korneev,O"]
[Black "Campora,D"]
[Result "0-1"]
[WhiteElo "2599"]
[BlackElo "2544"]

1.e4 d6 2.d4 Nf6 3.Nc3 e5 4.Nf3 Nbd7 5.Bc4 Be7 6.O-O O-O 7.Re1 c6 8.a4 b6
9.h3 a6 10.Ba2 Bb7 11.dxe5 Nxe5 12.Nd4 Re8 13.f4 Ng6 14.Nf3 d5 15.f5 Bc5+
16.Kh1 Ne5 17.Nxe5 Rxe5 18.Bf4 Nxe4 19.Nxe4 Rxe4 20.Rxe4 dxe4 21.Qh5 Qf6
22.Rf1 Rf8 23.Bg5 Qxb2 24.Bb3 Bd6 25.Qg4 c5 26.Be3 Qf6 27.Bg5 Qc3 28.f6 Qe5
29.Rf4 Qa1+ 30.Kh2 e3 31.Bh4 Bxf4+ 32.Qxf4 Qd4 33.Qg3 g6 34.Qg5 Qe4 35.Bc4 h6
36.Qg3 Qxc4  0-1

[Event "3rd EIWCh"]
[Site "Varna BUL"]
[Date "2002.05.28"]
[Round "2"]
[White "Gaponenko,I"]
[Black "Voiska,M"]
[Result "1-0"]
[WhiteElo "2418"]
[BlackElo "2300"]

1.e4 d6 2.d4 Nf6 3.Nc3 e5 4.Nf3 Nbd7 5.Bc4 Be7 6.O-O O-O 7.a4 c6 8.Ba2 Re8
9.a5 Bf8 10.Ng5 Re7 11.dxe5 dxe5 12.f4 Qc7 13.f5 h6 14.Nh3 Re8 15.g4 Bb4
16.Nf2 Nc5 17.Qf3 Bxa5 18.h4 Kf8 19.g5 Ng8 20.Ng4 hxg5 21.hxg5 b5 22.g6 f6
23.Bxg8 Kxg8 24.Qh1 b4 25.Qh7+ Kf8 26.Nxf6  1-0

[Event "Guillermo Garcia TORRE"]
[Site "Santa Clara CUB"]
[Date "2002.05.29"]
[Round "10"]
[White "Abreu,A"]
[Black "Garza Marco,S"]
[Result "1-0"]
[WhiteElo "2480"]
[BlackElo "2417"]

1.e4 d6 2.d4 Nf6 3.Nc3 Nbd7 4.Nf3 e5 5.Bc4 Be7 6.O-O O-O 7.Re1 c6 8.a4 a5
9.Ba2 exd4 10.Nxd4 Nc5 11.Qf3 Qb6 12.Nb3 Nxb3 13.Bxb3 Be6 14.Be3 Qb4 15.Qd1 Bxb3
16.cxb3 d5 17.exd5 Nxd5 18.Nxd5 cxd5 19.Qxd5 Rfd8 20.Qc4 Bf6 21.Qxb4 axb4
22.Rad1 Bxb2 23.Bb6 Rxd1 24.Rxd1 f6 25.Bc5 Ba3 26.Kf1 Rc8 27.Be3 Rc7 28.Rd5 Rc3
29.Rd8+ Kf7 30.Rd7+ Ke6 31.Rxb7 Rxb3 32.a5 Bb2 33.a6 Be5 34.a7 Ra3 35.Rxb4  1-0

[Event "3rd EIWCh"]
[Site "Varna BUL"]
[Date "2002.06.01"]
[Round "6"]
[White "Karahaliou,E"]
[Black "Lomakina,G"]
[Result "1/2-1/2"]
[WhiteElo "2058"]
[BlackElo "2142"]

1.e4 d6 2.d4 Nf6 3.Nc3 e5 4.dxe5 dxe5 5.Qxd8+ Kxd8 6.Bg5 Be6 7.Nf3 Bd6 8.O-O-O Nd7
9.Bb5 h6 10.Bxd7 Bxd7 11.Bxf6+ gxf6 12.Nd5 Be7 13.Rd2 Rg8 14.Rhd1 Bd6 15.Nxc7 Kxc7
16.Rxd6 Be6 17.Ne1 a5 18.a4 Rac8 19.b3 h5 20.Kb2 h4 21.h3 Ra8 22.f3 Rg3 23.R6d2 Rag8
24.Re2 Bd7 25.c4 f5 26.exf5 f6 27.Re4 Rh8 28.Rg4 Bxf5 29.Rxg3 hxg3 30.Nc2 e4
31.Ne3 Bg6 32.fxe4 Bxe4 33.Rf1 Rf8 34.Kc3 f5 35.Nd5+ Bxd5 36.cxd5 Kd6 37.Kd4 Re8
38.Rxf5 Re2 39.Rg5 Rxg2 40.h4 Rg1 41.Kc3 g2 42.Kb2 Ke7 43.h5 Kd6 44.h6 Rh1
45.Rxg2 Rxh6 46.Rg5 Rh2+ 47.Kc3 Rh3+ 48.Kc4 Rh4+ 49.Kc3 Rh3+ 50.Kc4 Rh4+
51.Kc3 Rh1 52.Kc2 Rh3 53.Rf5 Re3 54.Rh5 Re4 55.Rh7 Rb4 56.Rh6+ Kc5 57.d6 Rd4
58.Rh5+ Kb6 59.Rh6 Kc6 60.Kc3 Rxd6 61.Rxd6+ Kxd6 62.Kd4 Kc6 63.Kc4 b6 64.b4 axb4
65.Kxb4 Kb7 66.Kb5 Ka7 67.a5 bxa5 68.Kxa5  1/2-1/2

[Event "TCh-BIH"]
[Site "Neum BIH"]
[Date "2002.06.02"]
[Round "1"]
[White "Perunovic,Mil"]
[Black "Varga,Zo"]
[Result "0-1"]
[WhiteElo "2478"]
[BlackElo "2495"]

1.e4 d6 2.d4 Nf6 3.Nc3 e5 4.Nf3 Nbd7 5.Bc4 Be7 6.O-O O-O 7.Qe2 c6 8.a4 exd4
9.Nxd4 Re8 10.Ba2 Bf8 11.Qf3 Ne5 12.Qd1 Ng6 13.Re1 a6 14.a5 h6 15.h3 d5 16.exd5 Rxe1+
17.Qxe1 Bb4 18.Bd2 Bxa5 19.Ne4 Bxd2 20.Nxf6+ Qxf6 21.Qxd2 c5 22.Ne2 Qxb2
23.Qd1 b5 24.d6 c4 25.c3 Bd7 26.Ng3 Re8 27.Qc1 Qxc1+ 28.Rxc1 Nf4 29.Bb1 Ne2+
30.Nxe2 Rxe2 31.Rd1 a5 32.Kf1 Rb2 33.Be4 a4 34.g4 g6 35.Kg2 a3 36.Kg3 a2
37.Ra1 Kg7 38.f4 f5 39.gxf5 gxf5 40.Bf3 Kf6  0-1

[Event "TCh-BIH"]
[Site "Neum BIH"]
[Date "2002.06.02"]
[Round "1"]
[White "Palac,M"]
[Black "Golubovic,B"]
[Result "1-0"]
[WhiteElo "2574"]
[BlackElo "2462"]

1.e4 d6 2.d4 Nf6 3.Nc3 e5 4.dxe5 dxe5 5.Qxd8+ Kxd8 6.Bg5 Be6 7.f4 exf4 8.Nf3 Nd7
9.e5 h6 10.Bh4 g5 11.Nxg5 hxg5 12.Bxg5 Rg8 13.Bxf6+ Nxf6 14.exf6 c6 15.Ne2 Kc7
16.Nxf4 Re8 17.Bd3 Bxa2+ 18.Kf1 Bd6 19.Rxa2 Bxf4 20.g3 Be5 21.Rxa7 Re6 22.Kg2 Rxf6
23.Re1 Bd6 24.Raa1 Rh6 25.Bf5 Rh5 26.Rf1 f6 27.Rad1 Rg7 28.Rd3 Be5 29.b3 Kb6
30.Rd7 Rgg5 31.Bd3 f5 32.Rf7 f4 33.R7xf4 Bxf4 34.Rxf4 Kc5 35.g4 Rh8 36.Kg3 Re5
37.Rf5 Kd6 38.Rxe5 Kxe5 39.g5 Ke6 40.h4 Kf7 41.Kg4 Rd8 42.h5 Rd4+ 43.Kf5 Rh4
44.Bc4+ Kg7 45.h6+ Kh8 46.g6 Rxh6 47.Kf6 b5 48.Be6  1-0

[Event "TCh-BIH"]
[Site "Neum BIH"]
[Date "2002.06.03"]
[Round "3"]
[White "Feletar,D"]
[Black "Damljanovic,B"]
[Result "1/2-1/2"]
[WhiteElo "2435"]
[BlackElo "2548"]

1.e4 d6 2.d4 Nf6 3.Nc3 e5 4.dxe5 dxe5 5.Qxd8+ Kxd8 6.Bg5 Be6 7.O-O-O+ Nd7
8.f4 exf4 9.Nf3 h6 10.Bxf4 Bb4 11.Nb5 Ba5 12.Ne5 Re8 13.Nd4 Kc8 14.Nxe6 fxe6
15.Nxd7 Nxd7 16.Be2 Bb4 17.Rhf1 a5 18.a4 Be7 19.b3 Nf6 20.Be5 Nxe4 21.Rf7 Ba3+
22.Kb1 Bd6 23.Bxd6 Nxd6 24.Rxg7 e5 25.Rh7 Kb8 26.Rxh6 Ka7 27.Rh5 Rad8 28.Rd5 e4
29.Rxa5+ Kb8 30.Rad5 Rg8 31.Rhg5 Rh8 32.h3 Rdf8 33.Kc1 Rf6 34.Rge5 Rf2 35.Bg4 Rxg2
36.Rd2 Rg3 37.Re2 Rf8 38.Kb2 Rf1 39.Re7 Rgg1 40.Kc3 Rd1 41.Rf2 Rg3+ 42.Kb2 Rd5
43.Rf8+ Ka7 44.Rxc7 Kb6 45.Re7 Rg2 46.Rf6 Rdd2 47.Ka3 Kc5 48.Rc7+ Kd5 49.Rd7 Kc6
50.Re7 Kc5 51.Rc7+ Kd5 52.Kb4 Rxc2 53.Rd7 Rc6 54.Rf5+ Ke6 55.Rf2+ Rxg4 56.Rxd6+ Kxd6
57.hxg4 Ke5 58.Rf7 b6 59.Re7+ Kf4 60.Kb5 Rg6 61.b4 e3 62.a5 bxa5 63.bxa5 Rxg4
64.a6  1/2-1/2

[Event "3rd EIWCh"]
[Site "Varna BUL"]
[Date "2002.06.04"]
[Round "8"]
[White "Hernandez,Yu"]
[Black "Ionica,I"]
[Result "1/2-1/2"]
[WhiteElo "2247"]
[BlackElo "2228"]

1.e4 d6 2.d4 Nf6 3.Nc3 Nbd7 4.Nf3 e5 5.Bc4 Be7 6.O-O O-O 7.a4 c6 8.Ba2 Qc7
9.Qe2 exd4 10.Nxd4 Nc5 11.b4 Ne6 12.Nf5 Re8 13.Rd1 Bf8 14.Qf3 a5 15.b5 Nc5
16.Bf4 Bxf5 17.exf5 Qd7 18.g4 Nfe4 19.Rd4 Nxc3 20.Qxc3 d5 21.Rad1 Re4 22.Rxe4 Nxe4
23.Qf3 Re8 24.c4 Bc5 25.Bg3 Nxg3 26.hxg3 d4 27.Bb1 h6 28.Kg2 Qd6 29.Bd3 Qf6
30.Rh1 Bb4 31.Qf4 Bd6 32.Qf3 Bb4 33.Qf4 Bd6 34.Qf3 Bb4 35.Qf4  1/2-1/2

[Event "3rd EIWCh"]
[Site "Varna BUL"]
[Date "2002.06.04"]
[Round "8"]
[White "Kharashkina,B"]
[Black "Mira,H"]
[Result "1/2-1/2"]
[WhiteElo "2193"]
[BlackElo "2127"]

1.e4 d6 2.d4 Nf6 3.Nc3 c6 4.a4 a5 5.Nf3 Bg4 6.h3 Bh5 7.Be2 Bxf3 8.Bxf3 e6
9.O-O d5 10.Re1 Be7 11.exd5 cxd5 12.Ne2 O-O 13.Nf4 Nc6 14.c3 Bd6 15.Nd3 Qc7
16.Bg5 Nd7 17.Qc1 Nb6 18.Bf4 Bxf4 19.Nxf4 Nc4 20.Nh5 Ne7 21.Be2 Ng6 22.Bd3 Rfc8
23.Re2 Qe7 24.g3 Qd7 25.h4 e5 26.dxe5 Ncxe5 27.Bxg6 Nxg6 28.Qg5 Ra6 29.Rd2 Rd6
30.Rad1 h6 31.Qe3 Qxa4 32.Rd4 Qd7 33.Nf4 Re8 34.Qd2 Nxf4 35.Rxf4 Rde6 36.Kg2 Re2
37.Qxd5 Qxd5+ 38.Rxd5 Rxb2 39.Rxa5 Rc8 40.c4 Rb4 41.Ra7 g6 42.Kf3 Rc5 43.Ke3 g5
44.hxg5 hxg5 45.Rd4 Rbxc4 46.Rxc4 Rxc4 47.Rxb7 Kg7  1/2-1/2

[Event "FSGM June"]
[Site "Budapest HUN"]
[Date "2002.06.05"]
[Round "5"]
[White "Erenburg,S"]
[Black "Lorscheid,G"]
[Result "1-0"]
[WhiteElo "2450"]
[BlackElo "2331"]

1.e4 d6 2.d4 Nf6 3.Nc3 e5 4.Nf3 Nbd7 5.Bc4 Be7 6.O-O O-O 7.Re1 a6 8.a4 b6
9.b3 c6 10.d5 c5 11.Bf1 Ne8 12.Nd2 g6 13.Rb1 Qc7 14.Nc4 Rb8 15.Bh6 Ng7 16.b4 cxb4
17.Rxb4 Nc5 18.Qd2 Bd7 19.Reb1 b5 20.axb5 Bxb5 21.Nxb5 Rxb5 22.f3 Rxb4 23.Qxb4 Nd7
24.Qb7 Rc8 25.Qxa6 Nc5 26.Qa5 Bd8 27.Qxc7 Bxc7 28.Be3 Nd7 29.Nd2 Kf8 30.Bb5 Bb6
31.Bxb6 Nxb6 32.Bc6 Na8 33.Nc4  1-0

[Event "TCh-BIH"]
[Site "Neum BIH"]
[Date "2002.06.05"]
[Round "6"]
[White "Miljanic,B"]
[Black "Varga,Zo"]
[Result "0-1"]
[WhiteElo "2431"]
[BlackElo "2495"]

1.e4 d6 2.d4 Nf6 3.Nc3 Nbd7 4.Nf3 e5 5.Bc4 Be7 6.O-O O-O 7.Re1 c6 8.a4 h6
9.Ba2 exd4 10.Nxd4 Ne5 11.h3 Re8 12.a5 Bf8 13.Bf4 Bd7 14.Bg3 Qc7 15.Bb3 Rad8
16.Re3 b5 17.axb6 axb6 18.Qe2 b5 19.f4 Ng6 20.Kh1 Qb6 21.Rd1 b4 22.Na4 Qa7
23.f5 Ne5 24.Bxe5 Rxe5 25.Nf3 Ree8  0-1

[Event "TCh-BIH"]
[Site "Neum BIH"]
[Date "2002.06.07"]
[Round "8"]
[White "Sekulic,V"]
[Black "Dizdarevic,E"]
[Result "0-1"]
[WhiteElo "2297"]
[BlackElo "2526"]

1.e4 d6 2.d4 Nf6 3.Nc3 e5 4.Nf3 Nbd7 5.Bc4 Be7 6.O-O O-O 7.a3 c6 8.Ba2 b5
9.Re1 Bb7 10.d5 a6 11.dxc6 Bxc6 12.Nd5 Rc8 13.Nxf6+ Nxf6 14.Qd3 h6 15.Bd2 Qc7
16.Nh4 Nxe4 17.Rxe4 Bxe4 18.Qxe4 Bxh4 19.Qxh4 Qxc2 20.Qb4 a5 21.Bb3 axb4
22.Bxc2 Rxc2 23.Bxb4 Rfc8  0-1

[Event "Open"]
[Site "Lido Estensi ITA"]
[Date "2002.06.10"]
[Round "3"]
[White "Brancaleoni,M"]
[Black "Georgiev,Vl"]
[Result "0-1"]
[WhiteElo "2246"]
[BlackElo "2502"]

1.d4 d6 2.e4 Nf6 3.Nc3 e5 4.dxe5 dxe5 5.Qxd8+ Kxd8 6.Bc4 Ke8 7.Nf3 Bd6 8.Bg5 Be6
9.Bxf6 gxf6 10.Nd5 Nd7 11.Nh4 Rc8 12.Ne3 Rg8 13.g3 Nb6 14.Bxe6 fxe6 15.a4 a5
16.Ke2 Ke7 17.c3 Bc5 18.b3 Ra8 19.Rhd1 Nc8 20.Nc4 Nd6 21.f3 Nxc4 22.bxc4 Ra6
23.Rab1 Rb8 24.Rb5 Rc6 25.Rdb1 Bb6 26.c5 Rxc5 27.Rxc5 Bxc5 28.f4 exf4 29.gxf4 b6
30.f5 Rg8 31.fxe6 Kxe6 32.Kf3 Rg1 33.Rb2 Rf1+ 34.Kg2 Ra1 35.Nf3 Rxa4  0-1

[Event "FSGM June"]
[Site "Budapest HUN"]
[Date "2002.06.11"]
[Round "11"]
[White "Shirazi,K"]
[Black "Lorscheid,G"]
[Result "0-1"]
[WhiteElo "2486"]
[BlackElo "2331"]

1.e4 d6 2.d4 Nf6 3.Nc3 e5 4.dxe5 dxe5 5.Qxd8+ Kxd8 6.Bc4 Be6 7.Bxe6 fxe6
8.f3 Bc5 9.Bg5 h6 10.Bh4 Nc6 11.Nge2 g5 12.Bg3 Nh5 13.Na4 Be3 14.Rd1+ Ke7
15.Rd3 Bb6 16.c3 Nf4 17.Nxf4 exf4 18.Bf2 Bxf2+ 19.Kxf2 Ne5 20.Rd4 b6 21.h4 g4
22.fxg4 Rag8 23.g5 hxg5 24.h5 g4 25.Rdd1 Rh6 26.g3 f3 27.Rh4 Rg5 28.Rdh1 Nd7
29.c4 Nf6 30.Nc3 c6 31.b4 Kd6 32.Ke3 Rgxh5 33.Nd1 Rxh4 34.gxh4 e5 35.Nb2 Ke6
36.Nd3 Rh8 37.a4 Rd8 38.c5 Rd4 39.cxb6 axb6 40.Nf2 Rxb4 41.Nd3 Rb3 42.h5 g3
43.Rd1 g2 44.h6 Rxd3+ 45.Kxd3 f2 46.Ke2 g1=Q 47.Rf1 Nxe4 48.h7 Qg4+ 49.Ke3 Qf4+
50.Kd3 Qf3+ 51.Kc2 Qc3+ 52.Kb1 Nd2+ 53.Ka2 Qb3+ 54.Ka1 Qa3+  0-1

[Event "Open"]
[Site "Lido Estensi ITA"]
[Date "2002.06.12"]
[Round "5"]
[White "Nevednichy,V"]
[Black "Georgiev,Vl"]
[Result "1/2-1/2"]
[WhiteElo "2560"]
[BlackElo "2502"]

1.e4 d6 2.d4 Nf6 3.Nc3 e5 4.Nf3 Nbd7 5.Bc4 Be7 6.O-O O-O 7.Re1 Nb6 8.Bf1 exd4
9.Nxd4 c5 10.Nf3 d5 11.e5 Ne8 12.a4 d4 13.Ne4 f5 14.exf6 Nxf6 15.Neg5 h6
16.Ne6 Bxe6 17.Rxe6 Qd7 18.Re1 Bd6 19.c3 dxc3 20.bxc3 Rae8 21.Qb3+ Qf7 22.Qxf7+ Kxf7
23.Rd1 Be5 24.Nxe5+ Rxe5 25.c4 Re7 26.Bf4 Rc8 27.Rdb1 g5 28.Be3 Ng4 29.a5 Nxe3
30.fxe3 Na8 31.Be2 b6 32.Bf3 bxa5 33.Bb7 Rd8 34.Bd5+ Kf6 35.e4 Nb6 36.Rxa5 Red7
37.Rba1 Ke5 38.Kf2 Rf8+ 39.Ke3 Rf4 40.Rxa7 Nxd5+ 41.exd5 Rxa7 42.Rxa7 Rxc4
43.d6 Re4+ 44.Kf3 g4+ 45.Kg3 Kxd6 46.Ra6+ Kd5 47.Rxh6 c4 48.h3 gxh3 49.Rxh3 c3
50.Rh1 Kc4 51.Kf3 Rd4 52.Ke3 Rd3+ 53.Kf4 c2 54.Rc1 Kc3 55.g4 Rd1 56.Rxc2+ Kxc2
57.g5 Kd3 58.g6 Rf1+ 59.Ke5 Rg1  1/2-1/2